NRL Clive Churchill Medal Winners - Statistics

General Stats
  • This quiz has been taken 23 times
  • The average score is 19 of 37
Answer Stats
Hint Answer % Correct
2022 Dylan Edwards
100%
2021 Nathan Cleary
95%
2009 Billy Slater
89%
2017 Billy Slater
89%
2012 Cooper Cronk
89%
2020 Ryan Papenhuyzen
89%
2015 Johnathan Thurston
84%
2018 Luke Keary
79%
2014 Sam Burgess
79%
2000 Darren Lockyer
74%
2019 Jack Wighton
74%
2001 Andrew Johns
68%
2016 Luke Lewis
68%
2007 Greg Inglis
58%
2013 Daly Cherry-Evans
53%
2011 Glenn Stewart
53%
1990 Ricky Stuart
53%
2008 Brent Kite
47%
2010 Darius Boyd
47%
1986 Peter Sterling
47%
2004 Willie Mason
47%
1987 Cliff Lyons
42%
1998 Gorden Tallis
42%
2005 Scott Prince
42%
1989 Bradley Clyde
37%
1991 Bradley Clyde
37%
2002 Craig Fitzgibbon
37%
2006 Shaun Berrigan
37%
1992 Allan Langer
32%
1997 Robbie O'Davis
32%
2003 Luke Priddis
26%
1999 Brett Kimmorley
21%
1994 David Furner
21%
1995 Jim Dymock
21%
1993 Brad Mackay
16%
1996 Geoff Toovey
16%
1988 Paul Dunn
5%
No matching quizzes found
Score Distribution
Percent of People with Each Score
Percentile by Number Answered
Your Score History
You have not taken this quiz